Welcome to the Holygrace Academy Library

Please use search bar below to get started

SUPER SIMPLIFIED MATHEMATICS CCE TERM I (Record no. 769)

MARC details
000 -LEADER
fixed length control field 00345nam a22001217a 4500
082 ## - DEWEY DECIMAL CLASSIFICATION NUMBER
Classification number 510
Item number ARO/S
100 ## - MAIN ENTRY--AUTHOR NAME
Personal name OP ARORA, VK BHANDARI
245 ## - TITLE STATEMENT
Title SUPER SIMPLIFIED MATHEMATICS CCE TERM I
Remainder of title CLASS X
260 ## - PUBLICATION, DISTRIBUTION, ETC. (IMPRINT)
Place of publication JALANDHAR
Name of publisher S.DINESH & CO
Year of publication 2012
300 ## - PHYSICAL DESCRIPTION
Number of Pages 584
650 ## - SUBJECT ADDED ENTRY--TOPICAL TERM
Topical Term MATHS SUMMATIVE AND FORMATIVE ASSESSMENTS FOR CLASS X
Geographic subdivision INDIA
942 ## - ADDED ENTRY ELEMENTS (KOHA)
Koha item type Books
Holdings
Withdrawn status Lost status Collection code Home library Current library Shelving location Date acquired Source of acquisition Cost, normal purchase price Full call number Accession Number Koha item type
    Reference Main Library Main Library SHELF-8 B CLASS X-MATHS 06/04/2016 purchase 429.00 510 ARO/S 04244 Books